Online Catalogue and eLibrary

What's inside : (Record no. 2947)

MARC details
000 -LEADER
fixed length control field 00760nam a2200157Ia 4500
005 - DATE AND TIME OF LATEST TRANSACTION
control field 20240605051459.0
008 - FIXED-LENGTH DATA ELEMENTS--GENERAL INFORMATION
fixed length control field 240331s9999 xx 000 0 und d
082 ## - DDC Classification
Item Number - Author Mark WHA
Class No. 370
245 #0 - TITLE STATEMENT
Title What's inside :
Remainder of title learning with children in the street
260 ## - PUBLICATION, DISTRIBUTION, ETC.
Place of publication, distribution, etc. Redd Barna Sri Lanka
Name of publisher, distributor, etc. Colombo
Date of publication, distribution, etc. 1989
300 ## - PHYSICAL DESCRIPTION
Extent (e.g. Volumes, Pages etc.) 132 p.,
500 ## - GENERAL NOTE
General note None of the small or bigger children the reader shall learn to know in this report call themselves "street children". That is a name western development experts have attributed to them and we do not like to use it ,although for practical purposes, sometimes we do. These Children do not perceive themselves as belonging to a particular category of children.
700 ## - ADDED ENTRY--PERSONAL NAME
Personal name Fuglesang, A. ed
700 ## - ADDED ENTRY--PERSONAL NAME
Personal name Chandler,D.
942 ## - Koha item type (Biblio)
Koha item type Books in Stacks (Lending)
Holdings
Lost status Damaged status Collection code Home library Current library Shelving location Date acquired Full call number Accession Number Item type
    Lending WERC Library WERC Library Social Science Cupboard 03/31/2024 37o.11 WHA 662 Books in Stacks (Lending)

© WERC Library